Sports General Knowledge - Level 2 - Statistics

General Stats
  • This quiz has been taken 8 times
  • The average score is 3 of 15
Answer Stats
Hint Answer % Correct
coach of manchester united following sir alex? moyes
83%
number of teams to have played in the premier league since 1995? 49
50%
biggest sporting ground in Australia. MCG
33%
australian cricket captain after border and before waugh? taylor
33%
nickname of the famous manly lock forward retired in 2008? beaver
17%
australian celebrity who dated fev and pup? bingle
17%
city home to manaka oval canberra
17%
man at the heart of the asada drugs scandal dank
17%
first lebanese player to play in the origin el masri
17%
famous aussie cricket commentator bagged for his love of pigeons lawry
17%
team that jacques kallis played for in the big bash sydney thunder
17%
player who represented the all blacks and maroons? thorn
17%
nickname of the which afl player is known for the famous gabba hand stand? aka
0%
town which billy the kid hails from? innisfail
0%
which player joined lockyer to hold the telstra premiership in 06? webcke
0%
No matching quizzes found
Score Distribution
Percent of People with Each Score
Percentile by Number Answered
Your Score History
You have not taken this quiz